| 000 | 00515nam a2200217Ia 4500 | ||
|---|---|---|---|
| 008 | 170918s9999 xx 000 0 und d | ||
| 020 | _a9780439027021 | ||
| 050 | _bR585se 2006 | ||
| 100 | _aRiordan, Rick | ||
| 245 | 4 | _aThe sea of monsters / | |
| 245 | _cby Rick Riordan. | ||
| 260 | _aNew York : | ||
| 260 | _bScholastic, | ||
| 260 | _c2006 | ||
| 300 | _a279 pages : | ||
| 300 | _billustrations ; | ||
| 300 | _c19cm. | ||
| 300 | _ePercy Jackson and the Olympians ; | ||
| 440 | _a2 | ||
| 500 | _a740 | ||
| 999 |
_c344053 _d344053 |
||